• 首页
  • 本馆介绍
  • 公告通知
  • 最新文献
  • 馆藏检索
  • 电子资源
  • 读者导购
  • 参考咨询
  • 我的图书馆
  • 登录
  • 详细信息显示
  • 放入我的书架
  • 预约/预借图书
  • 作者相关作品
  • 分类相关作品
  • 丛书相关作品
  • 出版社相关作品

书目信息

  • 表格格式
  • 工作单格式
  • 卡片格式
题名:
新时期民营企业管理研究
    
 
作者: 陈庆玲 著
分册:  
出版信息: 北京   中国水利水电出版社  2016
页数: 254页
开本: 24cm
丛书名:
单 册:
中图分类: F276.5
科图分类:
主题词: 民营企业--Min Ying Qi Ye--企业管理--研究
电子资源:
ISBN: 978-7-5170-4334-8
000 00916nam0 22002291 450
001 351098
005 20161011165447.78
010    @a978-7-5170-4334-8@dCNY49.50
100    @a20160810d2016 em y0chiy50 ea
101 0  @achi
102    @aCN@b110000
105    @ay z 000yy
106    @ar
200 1  @a新时期民营企业管理研究@AXin Shi Qi Min Ying Qi Ye Guan Li Yan Jiu@f陈庆玲著
210    @a北京@c中国水利水电出版社@d2016
215    @a254页@d24cm
330    @a本书在对民营企业管理的基础知识进行介绍之后,分别对民营企业管理中的发展战略、绩效、知识产权、人力资源、财务、选址以及跨国经营等管理模块展开分析,重点阐述了提升各个管理模块的方法手段,还对新时期民营企业管理的热点问题进行了详细的探讨,提出了较为可行的操作方法。
606 0  @a民营企业@AMin Ying Qi Ye@x企业管理@x研究
690    @aF276.5@v5
701  0 @a陈庆玲@AChen Qing Ling@4著
801  0 @aCN@bTANGWEI@c20160811
905    @b0893111-5@dF276.5@e1307@f5
    
    新时期民营企业管理研究/陈庆玲著.-北京:中国水利水电出版社,2016
    254页;24cm
    
    
    ISBN 978-7-5170-4334-8:CNY49.50
    本书在对民营企业管理的基础知识进行介绍之后,分别对民营企业管理中的发展战略、绩效、知识产权、人力资源、财务、选址以及跨国经营等管理模块展开分析,重点阐述了提升各个管理模块的方法手段,还对新时期民营企业管理的热点问题进行了详细的探讨,提出了较为可行的操作方法。
●
相关链接 在E读中查询图书 在五车中查询图书 在当当中查询图书 在豆瓣中查询图书


正题名:新时期民营企业管理研究     索取号:F276.5/1307         预约/预借

序号 登录号 条形码 馆藏地/架位号 状态 备注
1 0893111   208931110   第一样本阅览室/ [索取号:F276.5/1307] 在馆    
2 0893112   208931129   第一借阅区/ [索取号:F276.5/1307] 在馆    
3 0893113   208931138   第一借阅区/ [索取号:F276.5/1307] 在馆    
4 0893114   208931147   第一借阅区/ [索取号:F276.5/1307] 在馆    
5 0893115   208931156   密集书库-海洋学院/ [索取号:F276.5/1307] 在馆    
唐山师范学院图书馆 欢迎您!
大连网信软件有限公司© 版权所有